000
00235nam a22001097a 4500
082
_a
808.3 WIN'F
100
_a
WINSOR, KATHLEEN
_9
57577
245
_a
FOREVER AMBER
260
_a
LONDON
_b
MACDONALD
_c
1946
300
_a
796P
942
_c
BK
999
_c
567846
_d
567846